A Mencken chrestomathy /

Bibliographic Details
Main Author: Mencken, H. L. (Henry Louis), 1880-1956
Format: Book
Language:English
Published: New York : A. A. Knopf, 1949.
Edition:[1st ed.].

MARC

Tag First Indicator Second Indicator Subfields
LEADER 00000cam a22000001 4500
001 in00000022128
005 20151007063855.0
008 721213s1949 nyu 00010 eng
010 |a  49003894  
035 |a (OCoLC)00192690 
035 |9 AAD8472AM 
040 |a DLC  |c DLC  |d TXA  |d UtOrBLW 
049 |a TXAM  |c [283947] 
050 0 0 |a PS3525.E43  |b A6 1949 
082 0 |a 814.5 
092 |a 814  |b M536m 
100 1 |a Mencken, H. L.  |q (Henry Louis),  |d 1880-1956. 
245 1 2 |a A Mencken chrestomathy /  |c ed. and annotated by the author. 
250 |a [1st ed.]. 
264 1 |a New York :  |b A. A. Knopf,  |c 1949. 
300 |a xvi, 627 pages ;  |c 22 cm. 
336 |a text  |b txt  |2 rdacontent 
337 |a unmediated  |b n  |2 rdamedia 
338 |a volume  |b nc  |2 rdacarrier 
999 |a MARS 
999 f f |s baf985aa-59a5-3427-a037-4a057adf5fbf  |i 23f21076-c285-3fcd-acc4-7ca5905300c8  |t 0 
952 f f |p ric  |a Texas A&M University  |b Rellis Campus  |c Joint Library Facility  |d Remote Storage  |t 0  |e PS3525.E43 A6 1949  |h Library of Congress classification  |i unmediated -- volume  |m A14801258726 
998 f f |a PS3525.E43 A6 1949  |t 0  |l Remote Storage